LEADER 00902nam a2200229 i 4500 001 000000246982 003 CaOOAMICUS 005 20151203000000.0 008 151203s1970 it u000 u ita u 013 $a225887 040 $aSeMil$bita 245 13$aLa vita e il tempo di Cortes. 260 $aMilano :$bArnoldo Mondadori Editore,$c1970. 300 $a126 p. :$bill. ;$c23 cm. 490 0 $aI grandi della storia ;$v9 600 14$aCortés, Hernán <1485-1547>.$0(OLS)http://semarc/subject/39333 830 2$aI grandi della storia ;$v9.$0(OLS)http://semarc/title/8377 850 $aSeMil 852 $aSeMil$W1$xVenegono$y1$m3W I 328$j197328$B197328$CSeMilBibl$Z2$F208980 $81 961 $aOmaggio: Istituto San Vincenzo 996 $6245$aLa vita e il tempo di Cortes$9(OLS)http://semarc/title/348885 996 $6260$aMilano :$bArnoldo Mondadori Editore$9(OLS)http://semarc/publisher/30056 LEADER 00846nam a2200229 i 4500 001 000000036992 003 CaOOAMICUS 005 20120302000000.0 008 120302s1985 it u000 u ita u 013 $a7216 040 $aSeMil$bita 100 1 $aCompagnoni, Pia <1929-2016>.$0(OLS)http://semarc/name/17571 245 13$aIl deserto di Giuda /$cPia Compagnoni. 260 $aMilano :$bIPL,$ccopyr. 1985. 300 $a237 p. :$bill. ;$c21 cm. 500 $aDedica autografa dell'autrice. 650 4$aSpiritualità - Testi.$0(OLS)http://semarc/subject/1342 850 $aSeMil 852 $aSeMil$W1$xVenegono$y1$m2C III 355$j3147$B3147$CSeMilBibl$Z2$F3147 $81 961 $aOmaggio: Serenthà don Mario 996 $6245$aIl deserto di Giuda$9(OLS)http://semarc/title/51551 996 $6260$aMilano :$bIPL$9(OLS)http://semarc/publisher/30350